Secundaria intensiva por televisión : guía de estudio. Tercer grado. Ciencias naturales.

Збережено в:
Бібліографічні деталі
Співавтор: México. Secretaría de Educación Pública. Unidad de Telesecundaria
Інші автори: Vargas Machado, Leonardo coord (autor) coord, (autor)
Формат: Книга
Мова:Іспанська
Предмети:
Теги: Додати тег
Немає тегів, Будьте першим, хто поставить тег для цього запису!

MARC

LEADER 00000nam^a2200000^u^4500
001 000500519
005 20250521000000.0
008 080111s1000^^^^^^^^^^^^r^^^^^000^0^spa^d
009 20260310125743.722
022 |a 968804623X 
035 |a FCE 000044688 
037 |a Acervo ITESO - Biblioteca 
041 |a spa 
082 0 4 |a 373.972  |b MEXs GUI-EST C.N 3 v.1 
110 |a México. Secretaría de Educación Pública. Unidad de Telesecundaria 
245 1 0 |a Secundaria intensiva por televisión :  |b guía de estudio. Tercer grado. Ciencias naturales. 
264 |a México :  |b SEP,  |c 1981 
300 |a 345 p. 
336 |a texto  |b txt  |2 rdacontenido 
337 |a sin mediación  |b n  |2 rdamedio 
338 |a volumen  |b nc  |2 rdasoporte 
649 |a XX 
650 |a Guía de estudio 
650 |a Telesecundaria 
650 |a Ciencias naturales 
650 |a Libros de texto 
700 |a Vargas Machado, Leonardo  |e coord  |e (autor) 
910 |a Fondo Centro de Estudios Educativos 
920 |a Impresos - Libros 
930 |a Fondos Especiales 
905 |a 133 
901 |a ALE051808  |b IT2  |c CEE  |u 20250521 
902 |a https://opac.biblio.iteso.mx/vufind/Record/000500519